Problémy VTEI pri prestavbe hospodárskeho mechanizmu ČSSR

Bibliographic Details
Main Author: Procházka, Boris, 1929- (Author)
Format: Article
Language:Slovak
PhysicalDescription:Res. rus., angl.
Subjects:

MARC

LEADER 00000nab a2200000 a 4500
001 vtls000350627
003 SK-MaSNL
005 20260303200200.0
008 111202c1989 xo 0 slo
015 |a SNBRA19rr/mm-uuuuu 
035 |a CL0350749 
040 |a SNKBUCL  |b slo  |c SNKBUCL  |e AACR2 
041 0 |a slo 
044 |a xo  |c SK 
080 |a 002.63:338.2(437)  |2 1981 
080 |a 338.2(437)  |2 1981 
100 1 |a Procházka, Boris,  |d 1929-  |4 aut  |9 230101 
245 1 0 |a Problémy VTEI pri prestavbe hospodárskeho mechanizmu ČSSR  |c Boris Procházka 
300 |b Res. rus., angl. 
650 0 7 |a mechanizmus hospodársky  |2 snkbucl  |9 385380 
650 0 7 |a sústavy VTEI  |2 snkbucl  |9 923116 
650 0 7 |a automatizácia  |2 snkbucl  |9 1428 
655 7 |a články zo zborníkov  |2 snkbucl  |9 166140 
655 7 |a články z odboru knihovníctvo  |2 snkbucl  |9 166141 
773 0 |t INFOS 89  |d Bratislava : ZSKI, 1989  |g S. 7-16 
850 |a Slovenská národná knižnica v Martine  |a MTA001 
852 |a SNK  |b KIS3GCP 
958 |a RK 
958 |a KL 
992 |a RZB 
999 |c 2166913  |d 2168843